Top 10 Grossing Movies for Each Major Film Studio - Statistics

General Stats
  • This quiz has been taken 41 times
  • The average score is 25 of 100
Answer Stats
Hint Answer % Correct
The Avengers
73%
Disney Frozen
70%
Marvel Avengers: Endgame
67%
Disney The Lion King
61%
Toy Story 3
61%
Avengers: Infinity War
55%
The Dark Knight
55%
Toy Story 4
55%
Star Wars: The Last Jedi
48%
Star Wars: The Phantom Menace
48%
Disney Frozen II
45%
The Dark Knight Rises
45%
Wonder Woman
45%
Avengers: Age of Ultron
42%
Captain America Civil War
42%
Star Wars: Attack of the Clones
42%
Star Wars: Revenge of the Sith
42%
Star Wars: Rise of Skywalker
42%
Lucasfilm Star Wars: The Force Awakens
42%
Up
42%
DC Aquaman
39%
Coco
39%
Disney Beauty and the Beast
36%
Joker
36%
Man of Steel
36%
Minions
36%
Rogue One
36%
Shrek
36%
Spider-Man Far From Home
36%
Spider-Man No Way Home
36%
Star Wars: a New Hope
36%
Star Wars: Return of the Jedi
36%
Fox 20th Century Avatar
33%
Despicable Me
33%
Finding Nemo
33%
Iron Man 3
33%
Justice League
33%
DreamWorks Shrek 2
33%
Shrek Forever After
33%
Shrek the Third
33%
Despicable Me 2
30%
Jurassic Park
30%
Disney Aladdin
27%
Despicable Me 3
27%
Finding Dory
27%
Disney Zootopia
27%
Captain Marvel
24%
Incredibles
24%
Inside Out
24%
Suicide Squad
24%
Warner Bros Barbie
21%
ET
21%
How to Train Your Dragon
21%
Illumination Super Mario Bros
21%
Batman v Superman: Dawn of Justice
18%
Deadpool
18%
Minions: Rise of Gru
18%
The Batman
18%
Harry Potter and the Deathly Hallows Part 2
15%
Harry Potter and the Sorcerers Stone
15%
Pixar Incredibles 2
15%
Kung Fu Panda
15%
Monsters University
15%
Harry Potter and the Deathly Hallows Part 1
12%
Harry Potter and the Goblet of Fire
12%
Madagascar
12%
Oppenheimer
12%
Deadpool 2
9%
Doctor Strange and the Multiverse of Madness
9%
Harry Potter and the Half Blood Prince
9%
Harry Potter and the Order of the Phoenix
9%
Universal Jurassic World
9%
Sing
9%
X-Men: Days of Future Past
9%
Furious 7
6%
Indiana Jones and the Kingdom of the Crystal Skull
6%
Secret Life of Pets
6%
Secret Life of Pets 2
6%
Disney Alice in Wonderland
3%
Fast X
3%
Jurassic World: Dominion
3%
Madagascar 3: Europe's Most Wanted
3%
Disney Pirates of the Caribbean: Dead Mans Chest
3%
Disney Pirates of the Caribbean: On Stranger Tides
3%
The Fate of the Furious
3%
The Hobbit: an Unexpected Journey
3%
Bohemian Rapsody
0%
Dawn of the Planet of the Apes
0%
Fast 9
0%
Fast and Furious 6
0%
Grinch
0%
Ice Age Continental Drift
0%
Ice Age: Dawn of the Dinosaurs
0%
Independence Day
0%
Monsters Vs Aliens
0%
The Croods
0%
The Hobbie: Desolation of Smaug
0%
The Hobbit: Battle of the Five Armies
0%
The Martian
0%
No matching quizzes found
Score Distribution
Percent of People with Each Score
Percentile by Number Answered
Your Score History
You have not taken this quiz